Human rights and reform : (Record no. 192596)

MARC details
000 -LEADER
fixed length control field 01191nam a2200361 a 4500
001 - CONTROL NUMBER
control field vtls000189205
003 - CONTROL NUMBER IDENTIFIER
control field NLI
005 - DATE AND TIME OF LATEST TRANSACTION
control field 20210602111627.0
008 - FIXED-LENGTH DATA ELEMENTS--GENERAL INFORMATION
fixed length control field 101125s1995 caua 001 0 eng
020 ## - INTERNATIONAL STANDARD BOOK NUMBER
International Standard Book Number 0520200039 :
Terms of availability USD 51.75
020 ## - INTERNATIONAL STANDARD BOOK NUMBER
International Standard Book Number 0520202546
039 #9 - LEVEL OF BIBLIOGRAPHIC CONTROL AND CODING DETAIL [OBSOLETE]
-- 201011252244
-- VLOAD
040 ## - CATALOGING SOURCE
Original cataloging agency NLI
Language of cataloging eng
Transcribing agency Datasoft 1
Description conventions AACR2
041 0# - LANGUAGE CODE
Language code of text/sound track or separate title eng
044 ## - COUNTRY OF PUBLISHING/PRODUCING ENTITY CODE
MARC country code cau
082 04 - DEWEY DECIMAL CLASSIFICATION NUMBER
Classification number 323.0961
100 1# - MAIN ENTRY--PERSONAL NAME
Personal name Waltz, Susan E.(Susan Eileen)
9 (RLIN) 362920
245 10 - TITLE STATEMENT
Title Human rights and reform :
Remainder of title changing the face of North African politics /
Statement of responsibility, etc. Susan E. Waltz
260 ## - PUBLICATION, DISTRIBUTION, ETC.
Place of publication, distribution, etc. Berkeley, Calif. :
Name of publisher, distributor, etc. University of California Press,
Date of publication, distribution, etc. c1995
300 ## - PHYSICAL DESCRIPTION
Extent xiv, 281 p. :
Other physical details ill. ;
Dimensions 24 cm.
500 ## - GENERAL NOTE
General note Includes index
650 #0 - SUBJECT ADDED ENTRY--TOPICAL TERM
Topical term or geographic name entry element Human rights
Geographic subdivision Morocco
9 (RLIN) 362921
650 #0 - SUBJECT ADDED ENTRY--TOPICAL TERM
Topical term or geographic name entry element Human rights
Geographic subdivision Tunisia
9 (RLIN) 362922
650 #0 - SUBJECT ADDED ENTRY--TOPICAL TERM
Topical term or geographic name entry element Human rights
Geographic subdivision Algeria
9 (RLIN) 362923
651 #0 - SUBJECT ADDED ENTRY--GEOGRAPHIC NAME
Geographic name Morocco
General subdivision Politics and government
9 (RLIN) 211719
651 #0 - SUBJECT ADDED ENTRY--GEOGRAPHIC NAME
Geographic name Tunisia
General subdivision Politics and government
9 (RLIN) 214867
651 #0 - SUBJECT ADDED ENTRY--GEOGRAPHIC NAME
Geographic name Algeria
General subdivision Politics and government
9 (RLIN) 212571
887 ## - NON-MARC INFORMATION FIELD
Content of non-MARC field
901 ## - LOCAL DATA ELEMENT A, LDA (RLIN)
a 528980
b 18.03.1997
902 ## - LOCAL DATA ELEMENT B, LDB (RLIN)
a E 323.0961 W 179
942 ## - ADDED ENTRY ELEMENTS (KOHA)
Source of classification or shelving scheme Dewey Decimal Classification
Koha item type Books
949 ## - LOCAL PROCESSING INFORMATION (OCLC)
-- VIRTUAITEM
-- 10000
-- 100
6 PUR000528980ENG
Holdings
Withdrawn status Lost status Damaged status Not for loan Collection code Home library Current library Shelving location Date acquired Total Checkouts Full call number Barcode Date last seen Price effective from Koha item type
        New English National Library of India National Library of India New English - Main Stack Division     E 323.0961 W 179 PUR000528980ENG 02/06/2021 02/06/2021 Books
                                                                           
web counter

Copyright ©2020 The National Library of India, Govt. of India ↔ Hosted by NVLI, MOC ↔ Technology and Design by National Library of India, Ministry of Culture, Govt. of India